| 000 | 00829nam a2200277 a 4500 | ||
|---|---|---|---|
| 003 | MX-MxUPN | ||
| 005 | 20220914155609.0 | ||
| 008 | 190627s2002 mx r 000 0 spa d | ||
| 020 | _a9701889878 (SEP) | ||
| 020 | _a9700904768 (Norma) | ||
| 035 | _aUPN01000231607 | ||
| 040 |
_aMX-MxUPN _bspa _cMX-MxUPN |
||
| 041 | 1 |
_aspa _hger |
|
| 050 | 1 | 4 |
_aPT2674 O77 _bB66 2002 |
| 100 | 1 |
_aNöstlinger, Christine, _d1936- _931818 |
|
| 245 | 1 | 0 | _aBonsai |
| 250 | _aPrimera edición. | ||
| 260 |
_aMéxico, D.F. : _bSecretaría de Educación Pública : _bNorma, _c2002. |
||
| 300 | _a220 páginas | ||
| 490 | 0 | _aLibros del rincón | |
| 490 | 0 | _aEspejo de Urania | |
| 650 | 7 |
_aLiteratura juvenil australiana _2 _921956 |
|
| 700 | 1 |
_aMercedes Ortíz, María de las _946392 _etraductora |
|
| 942 |
_2lcc _cLIBRO |
||
| 999 |
_c203702 _d203702 |
||